[Event "Sinquefield Cup 5th"]
[Site "Saint Louis"]
[Date "2017.08.05"]
[Round "4"]
[White "Carlsen, Magnus"]
[Black "Vachier Lagrave, Maxime"]
[Result "0-1"]
[WhiteElo "2822"]
[BlackElo "2791"]
[Annotator "Quintiliano,Renato"]
[PlyCount "142"]
[EventDate "2017.08.02"]
[EventType "tourn"]
[EventRounds "9"]
[EventCountry "USA"]
[EventCategory "22"]
[SourceTitle "CBM 180"]
[Source "ChessBase"]
[SourceDate "2017.09.13"]
[SourceVersion "1"]
[SourceVersionDate "2017.09.13"]
[SourceQuality "1"]

{This very had fought game had a decisive influence in the final standings, as Vachier-Lagrave finished half point ahead of Carlsen and Anand, winning the Sinquefield Cup!} 1. Nf3 Nf6 2. c4 c5 3. Nc3 d5 4. cxd5 Nxd5 5. e3 Nxc3 6. dxc3 {As usual, Carlsen deviates to the less played lines and aims just to get a game.} ({In the first round, Aronian played} 6. bxc3 g6 7. h4 $5 Bg7 8. h5 Nc6 9. Ba3 Qa5 {and now} 10. Rh4 $1 {1-0 Aronian,L (2809)-Nepomniachtchi,I (2742) 5th Sinquefield Cup 2017 (1.3) an amusing way to develop the rook and at the same time indirectly to protect the a3-bishop, even Kasparov praised this idea! The exclamation point is for Aronian's wonderful imagination to find such ideas in his preparations -}) 6... Qxd1+ 7. Kxd1 {This position reminds us of one which can be reached in an Anti-Grünfeld, but in that line the pawn is oin e4. Such positions are, of course, objectively equal, but there are many plans to follow for each side, which means a strategic battle ahead. In his time, Ulf Andersson used to outplay strong opponents from these positions, providing nice examples of positional play.} Bf5 {Pretty natural, avoiding e4.} 8. Nd2 Nc6 9. e4 Bg6 $146 ({We have a nice recent example of how White can get an advantage in this apparently harmless position:} 9... Be6 10. Kc2 g6 11. Bc4 Bd7 $6 (11... Bxc4 $142 12. Nxc4 b5 $1) 12. Nb3 b6 13. a4 $1 Ne5 14. Bb5 a6 $6 (14... O-O-O $142 15. Bf4 Bg7 16. Ba6+ Kc7 17. a5 $36 Kc6 $5) 15. Bxd7+ Nxd7 (15... Kxd7 16. Bf4 Bg7 17. Rhd1+ Kc6 18. a5 $1 b5 19. Rd5 Nd7 20. Rad1 Ra7 21. Nxc5 $1 $18) 16. Be3 {[%cal Ga4a5] Now Black should always have to worry about a5} e6 (16... a5 17. Nd2 {[%csl Gb6][%cal Yd2c4]}) 17. Rhd1 O-O-O 18. Nd2 $1 {[%cal Yd2c4] after provoking b6, the knight come back to improve its position by manoeuvring to c4} Be7 19. Nc4 Kb7 20. a5 $16 {1-0 Radjabov,T (2724)-Svidler,P (2749) Geneva Grand Prix 2017 (7.2)}) 10. Bb5 Rc8 11. h4 $146 ({RR} 11. a4 a6 12. Bd3 e6 13. a5 Be7 14. Nc4 O-O 15. Kc2 Rcd8 16. Bf4 f6 17. Rhd1 Bf7 18. Be3 Be8 19. f3 Kf7 20. Bf4 Na7 21. Bc7 Rd7 22. Bg3 Rd8 23. Ne3 Bb5 24. Bxb5 Nxb5 25. Nc4 Rxd1 {Svane,R (2591)-Pultinevicius,P (2452) Riga 2018 ½-½ (86)}) 11... h5 {This move is probably the best, avoiding White winning space on the kingside.} 12. Re1 e6 13. a4 $5 {One thing that seems remarkable to me in Magnus Carlsen's games, is how often he uses his rook pawns in order to generate ideas and try to force his opponents to make concessions.} Be7 ({For example, if Black rushes with} 13... a6 14. Bf1 $5 Be7 15. g3 O-O 16. a5 $1 Rfd8 (16... Bd8 17. Nc4) 17. Kc2 f6 18. Nc4 Bf7 19. Be3 $14) 14. g3 O-O 15. a5 Rfd8 {Vachier-Lagrave cleverly avoisd forceful or committal moves, and finishes the development with a good position.} 16. a6 (16. f4 $5 {[%cal Yf4f5]} Kf8 17. Ke2 {[%cal Ye2f2] was a good way to find a safe place for White's king.}) 16... b6 {Black has achieved a solid structure on the queenside, but White also has a stable position for his b5 and expects to exploit the a7-pawn in the future, as well as create pressure with the pieces on Black's pawns.} 17. Kc2 Ne5 $1 {This move makes White's development difficult, avoiding c4.} 18. f4 (18. Nc4 Nf3 19. Re2 Rd4 $3 {I don't know if the players saw this sacrifice, but the engine yes, and it is very beautiful!} 20. cxd4 Nxd4+ 21. Kd1 Nxb5 {Black has a great compensation here, for example} 22. f3 Nd4 23. Rf2 Rd8 24. Ke1 Nb3 25. Rb1 f5 $1 $36) 18... Ng4 {[%csl Yg4] The Black knight finds a nice post on g4.} 19. Kb3 {Again necessary to prepare c4.} (19. Nc4 Nf6 $1) 19... f6 {A good move to prevent another threat: f4-f5.} 20. Nc4 Nf2 (20... e5 {looks playable} 21. Bd2 Bf7 22. Kc2 Bd6 {with a good position.}) 21. e5 (21. f5 $5 {was another idea} Bf7 (21... Be8 22. Ka4 $5) 22. fxe6 Bxe6 23. e5 $5 {this is one way to try to open lines and get some initiative, but after} f5 {Black's position still looks pretty solid} (23... Kf7 {is also possible, but after} 24. exf6 gxf6 25. Re2 Nd3 26. Bh6 $1 {the only safe square for the bishop} Ne5 27. Rf1 Kg6 28. Bf4 Bd6 29. Bxe5 Bxe5 30. Ka4 Bxc4 31. Bxc4 $14 {it is clearly White who can play for a win in this endgame, with the better minor piece and the better pawn structure.})) 21... Ne4 22. Be3 Bf5 ({Of course not} 22... Nxg3 $2 23. Rg1) 23. Rg1 {The pawns are more or less blocked on both sides, and looks the sort of position where it is difficult for both players to make progress.} Rd5 24. Rae1 Kf7 25. Bc1 {[%csl Ge4][%cal Yc4e3] With his usual ability to keep improving his position, Magnus tries to disturb Black's setup by threating e3 or attacking the e4-knight, which is kind of trapped in e4.} Bh7 26. Re3 (26. g4 $1 {would be a timely opening of kingside} hxg4 27. Rxg4 Nf2 (27... Rcd8 28. Reg1 Bf8 29. Ne3 {[%csl Rd5] suddenly the rook has no squares!} c4+ $8 30. Bxc4 Ra5 31. f5 $1) 28. Rg3 Nd3 29. Reg1 Rg8 30. h5 $1 {and White's position is easier, for example} fxe5 31. fxe5 Nxe5 32. h6 $1 Bf6 (32... gxh6 33. Nxe5+ Rxe5 34. Rxg8 Bxg8 35. Bxh6 {[%cal Yg1g7]} Bf6 36. Bf4 $1 {[%cal Yf4b8]}) 33. hxg7 Rxg7 34. Rxg7+ Bxg7 35. Rf1+ Kg8 36. Nxe5 Bxe5 37. Re1 $16 {[%cal Yb5c4] Black's situation looks difficult, although maybe it is defensible.}) 26... Rcd8 {After this move, action begins!} (26... Nf2 {was safer} 27. Re2 Nd3 28. Be3 Bf5 $11) 27. Bc6 Nf2 $1 (27... Rd1 $2 28. Rxd1 Rxd1 29. Bxe4 Bxe4 30. Rxe4 Rxc1 31. Nxb6 $1 {reveals a nice point about the a6-pawn} axb6 32. Ra4 $1 (32. a7 $2 Ra1 33. Ra4 c4+ $1) 32... b5 33. a7 bxa4+ 34. Ka2 $18 {[%cal Ga7a8]}) 28. Re2 $1 {Magnus correctly refuses the Greek gift.} (28. Bxd5 $2 {gives a very active position for Black with the central pawns advancing strongly, and White's remaining pieces stay badly placed} exd5 29. Na3 (29. Nd2 Nd3 {[%cal Yc5c4,Ye7c5]} 30. Nf3 d4 31. Re2 c4+ $1 32. Kxc4 dxc3 33. exf6 (33. bxc3 Nxc1 34. Rxc1 Bd3+ $19) (33. Kxc3 Rc8+ 34. Kd2 Bb4+ $19) 33... Bxf6 34. bxc3 Nxc1 35. Ne5+ Bxe5 36. Rxe5 Nd3 $17) 29... Ng4 30. Ree1 Bd3 $17 {[%csl Ga6]}) 28... Nd3 29. exf6 (29. Bxd5 {is still bad} exd5 30. Na3 b5 $1 31. Ka2 (31. Nxb5 Nxc1+ 32. Rxc1 Bd3 $19) 31... Rb8 $17 {[%cal Yb8b6]}) 29... gxf6 30. Bb5 {Kind of a sad admission that the rook never can be accepted.} Rg8 31. Bd2 Rgd8 32. Be3 Be4 33. Rd2 Rg8 34. Ka4 Rgd8 35. Kb3 Rg8 36. Ka2 {Carlsen avoids repetition, but it still seems difficult to create something, as Black is very solid.} f5 {[%cal Ye7h4]} 37. Rh2 Rc8 38. Rd2 Rg8 39. Re2 $5 Bf3 {Vachier-Lagrave doesn't accept the provocation.} ({But he could have played} 39... Bxh4 40. Rh2 Bxg3 41. Rxh5 Rg7 $1 (41... Bxf4 $2 42. Rh7+ Kf8 43. Rxg8+ Kxg8 44. Rxa7 $16) 42. Rh8 {[%cal Yh8a8]} Bxf4 43. Ra8 {Black has a nice resource now} Rd7 $1 {[%cal Ye4a8]} 44. Bxd7 Bxa8 45. Bxe6+ $1 Kf6 46. Rxg7 Kxg7 47. Bxf5 Bxe3 48. Nxe3 (48. Bxd3 Bd5 $11) 48... Ne5 $11) 40. Rh2 Bf6 $6 {This move is careless, as now White can disturb the harmony of Black's position.} (40... Be4 $142 $11) 41. Nd2 $1 Bg4 (41... Be4 42. Nxe4 fxe4 43. Bc6 {now is a better version for White} Rc8 44. Bb7 $1 Rcd8 45. Kb1 $1 {[%cal Yc3c4] the point is that White is not forced to take on d5, but Black cannot retreat the rook without terrible consequences because of the e4-pawn} b5 46. g4 hxg4 47. Rxg4 b4 48. cxb4 Nxb4 49. Bxd5 exd5 50. Bxc5 Nxa6 51. Bxa7 d4 52. f5 $1 e3 53. Re4 $16 {[%csl Yf5,Yh4] Despite the material advantage, White has two healthy passed pawns.}) 42. Rf1 $1 {[%csl Gg4][%cal Yd2c4] Another strong move, leaving the g4-bishop with no moves and freeing again the d2.} Rgd8 43. Nc4 e5 $1 {Vachier-Lagrave is fighting on and tries to complicate matters.} (43... Kg6 44. Bc6 Kf7 45. Rd2 $16 {already looks very good for White.}) 44. fxe5 (44. Bc6 e4 $1 45. Bxd5+ Rxd5 {again gives enough compensation for Black, as White's rooks doesn't have open files to operate and all Black pieces are well placed.}) 44... Bxe5 $2 {But this move involves a variation which actually is a losing one for Black.} (44... Nxe5 {was the right move, but Black needs to find a very delicate variation} 45. Bf4 {[%cal Yc4e5,Gb5c4]} Kg7 $1 46. Ne3 c4 $1 47. Nxd5 (47. Bxc4 Ra5+ 48. Kb3 Nxc4 49. Kxc4 Rxa6 50. Nxg4 fxg4 51. Rhf2 $14) 47... Rxd5 48. Bxe5 Bxe5 49. Bxc4 Ra5+ 50. Kb1 Bxg3 51. Rd2 f4 {[%cal Yg4f5]} 52. b4 Re5 53. Rd8 $14 {White keeps chances to win, but Black is fighting.}) 45. Bg5 Bxg3 {The best practical chance.} (45... Rc8 46. Nxb6 $1 axb6 47. Bc4 Ke6 48. Rd2 $18) (45... Bf6 46. Bxf6 Kxf6 47. Bc6 $18 {[%csl Gd5]}) 46. Rg2 $2 {But this imprecision throws victory away.} (46. Rd2 $1 {was winning, Black has pratically no moves, for example} Rf8 (46... Bc7 47. Ka1 f4 48. Bxd8 Rxd8 49. Ne3 {[%csl Rd3,Rg4]} Bh3 50. Bxd3 Bxf1 51. Nxf1 $18) 47. Ka3 $1 {[%cal Yc4e3] preparing the simple e3, for example} (47. Ne3 Nc1+ 48. Rxc1 Rxd2 49. Nxg4 $18) 47... f4 48. Rxd3 Rxd3 49. Ne5+ $18) 46... Bh3 47. Rxg3 Bxf1 48. Rf3 $4 {But this is already losing.} (48. Bxd8 {still is a draw} Rxd8 (48... f4 $2 49. Rg1) 49. Rf3 Be2 50. Rxf5+ Kg6 51. Rg5+ Kf6 52. Na3 $11) 48... Be2 49. Bxd8 ({In the interview after the game, Vachier-Lagrave said Carlsen was counting on} 49. Re3 {now, which looks winning, but then Black has} f4 $1 50. Re7+ (50. Rxe2 Nc1+ {is the detail, as now the g5 is not guarding c1}) 50... Kg6 51. Rxa7 (51. Re6+ Kf5 52. Rf6+ Kg4 $19) 51... Rxg5 $1 52. hxg5 f3 53. Rb7 h4 {and after Black to eliminate the a7-pawn, the remaining passed pawns in kingside are unstoppable} 54. a7 Ra8 55. Nxb6 Rxa7+ 56. Rxa7 Nc1+ $1 57. Kb1 Bxb5 58. Kxc1 f2 $19) 49... Bxf3 {This endgame is winning for Black, although White still has some tricks to try.} 50. Bxb6 (50. Bc7 {[%csl Ga7][%cal Yc7b8] was the slow way} Ke6 51. Bb8 Nc1+ 52. Ka3 (52. Kb1 Rd1 53. Kc2 Rh1 {[%cal Gf3e4]} 54. Nd6 f4 $19) 52... Rd1 53. Bxa7 Nd3 $1 {[%cal Yd1a1,Yf3d1] suddenly creating a mating net around White's king} 54. Ka2 Bd5 55. b3 f4 56. Bxb6 f3 57. a7 f2 58. Ne3 Ba8 $1 $18 {[%cal Yd1e1]}) 50... axb6 51. Bc6 Be4 $1 {Again accurate, eliminating the pin.} 52. a7 (52. Nxb6 Rd8 53. Bxe4 fxe4 54. a7 e3 $19) 52... Rd8 53. Nd6+ {Carlsen tries all his chances in this desperate position.} Rxd6 $1 54. Bxe4 (54. a8=Q Rxc6 $19 {is totally hopeless for White.}) 54... Rd8 55. a8=Q Rxa8+ 56. Bxa8 $19 {This endgame is an easy win for Black and Vachier-Lagrave has no problems to convert the advantage.} Ne5 57. Kb3 f4 58. Kc2 Kg7 59. Kd2 Ng6 60. Kd3 Nxh4 61. Ke4 f3 62. Ke3 Kf6 63. b4 c4 $1 {The last precise move for Black, deflecting the bishop from the main diagonal.} (63... cxb4 64. cxb4 Kf5 65. Bb7 Kg4 66. Kf2 {could have offered serious chances for White, as is not possible to manoeuvre the knight without losing the f3-pawn.}) (63... Kg5 64. bxc5 bxc5 65. Bd5 Kg4 66. Kf2 {is the same as 63...cxb4.}) 64. Bd5 Kf5 65. Bxc4 Kg4 66. Kf2 Ng6 $1 {This move is possible now because the bishop is not attacking the f3-pawn anymore.} 67. Be6+ Kf4 68. Bf7 Ne5 69. Bxh5 Nd3+ 70. Kf1 Kg3 71. Bf7 Nf2 {A complicated strategic battle, where the World Champion was about to finish another memorable game, when the tactical nuances drastically turned the table, and Vachier-Lagrave, with great vision sfor the available resources, took his chances immediately and scored a crucial win.} 0-1

[Event "Norway Chess 2nd"]
[Site "Stavanger"]
[Date "2014.06.03"]
[Round "1"]
[White "Carlsen, Magnus"]
[Black "Giri, Anish"]
[Result "1/2-1/2"]
[WhiteElo "2881"]
[BlackElo "2752"]
[Annotator "Sumets,Andrey"]
[PlyCount "63"]
[EventDate "2014.06.03"]
[EventType "tourn"]
[EventRounds "9"]
[EventCountry "NOR"]
[EventCategory "21"]
[SourceTitle "CBM 161"]
[Source "ChessBase"]
[SourceDate "2014.07.16"]
[SourceVersion "1"]
[SourceVersionDate "2014.07.16"]
[SourceQuality "1"]

1. c4 c5 2. Nf3 Nf6 3. Nc3 d5 4. cxd5 Nxd5 5. e3 (5. e4 Nb4 6. Bc4 Nd3+ (6... Be6 $5 {reminds me of an old game Polugaevsky,L-Tal,M:} 7. Bxe6 Nd3+ 8. Kf1 fxe6 9. Ng5 (9. Qb3) 9... Qb6 10. Qe2 $6 c4 11. b3 h6 12. Nf3 Nc6 13. bxc4 O-O-O $44 {Polugaevsky,L (2625)-Tal,M (2615) Riga 1979 0-1 (28)}) 7. Ke2 Nf4+ 8. Kf1 Ne6 9. b4 {Up to the moment, this option doesn't give anything to White. See another classic game Polugaevsky,L-Kortschnoj,V:} (9. Ne5 Nc6 10. Nxc6 bxc6 11. Na4 Nd4 $5 $146 12. Nxc5 g6 13. Nb3 Be6 14. Bxe6 Nxe6 15. Qc2 Bg7 16. Qxc6+ Kf8 17. Qa6 Nd4 18. Nxd4 Bxd4 19. d3 Kg7 $44 {Nakamura,H (2789)-Giri,A (2734) Wijk aan Zee NED 2014 1/2 (39)}) 9... cxb4 10. Nd5 g6 $1 11. Bb2 Bg7 12. Bxg7 Nxg7 13. Nxb4 (13. Qc1 Nc6 14. d4 Be6 $1 15. h4 Rc8 16. h5 Nxh5 17. Qh6 Nxd4 $6 (17... a6 $1 {with the threat of ...a5} 18. Re1 Na5 19. Bd3 Bxd5 20. exd5 Qxd5 $17) 18. Nxd4 Rxc4 19. Nxe6 $6 (19. Rxh5 gxh5 20. Nxe6 fxe6 21. Rd1 exd5 22. Qxh5+ Kf8 23. Qf3+ Kg7 24. Qg4+ $11) 19... fxe6 20. Rxh5 exd5 21. Rxd5 Qb6 $15 {Seirawan,Y (2565)-Peters,J (2445) South Bend 1981 1/2 (29)}) 13... O-O 14. d4 Bg4 15. Ke2 $2 Qd6 16. Qd2 Ne6 $17 {Polugaevsky,L (2635)-Kortschnoj,V (2695) Buenos Aires 1980 0-1 (41)}) 5... Nxc3 ({In his game against Dmitry Andreikin, Magnus played a rare line:} 5... g6 6. Bb5+ (6. Qb3 $5 Nxc3 $2 (6... Nc7 $6 7. Bc4 e6 8. d4 (8. Ne4 $6 b6 $4 (8... Be7 9. d4 cxd4 10. exd4 O-O 11. O-O Nc6 $132) 9. Qc3 $18) 8... cxd4 9. exd4 Bg7 10. O-O O-O 11. Bg5 {White is well on top}) (6... Nf6 {seems to be the strongest option} 7. d4 cxd4 8. exd4 Bg7 {with an unexplored position}) 7. Qxc3 f6 8. Qxc5 e5 9. Bb5+ Bd7 10. Qd5 Bxb5 11. Qxb5+ $16 {Malich,B (2470)-Tischbierek,R (2380) Halle 1981 1-0 (41)}) 6... Bd7 7. Qb3 Nxc3 (7... Nb4 $2 8. Bc4 e6 9. a3 b5 10. Nxb5 N4c6 11. Qd3 (11. Be2 $1 a6 12. Nc3 Bg7 13. O-O O-O 14. Qc2 $18 {White will take c5-pawn soon}) 11... Na5 12. b3 Nxc4 13. bxc4 Bg7 14. Rb1 O-O 15. Bb2 Bxb5 16. Qxd8 Rxd8 17. cxb5 Bxb2 18. Rxb2 Rd3 19. Ke2 $16 {1/2 (19) Witt,R (2280)-Ernst,S (2440) Amsterdam 2001}) 8. Ne5 (8. Bc4 $1 e6 9. Qxc3 f6 10. O-O $14 {I think that this position is in the White's favour}) 8... e6 9. bxc3 Bxb5 10. Qxb5+ Nd7 11. Rb1 b6 12. c4 Bd6 $11 {Andreikin,D (2713)-Carlsen,M (2864) Moscow 2013 1/2 (34)}) 6. bxc3 Qc7 $146 {A novelty. Probably Anish Giri didn't want to play 6...g6 due to 7.h4 or he didn't want to allow d3.} (6... g6 7. d4 (7. h4 $5 Bg7 8. h5 Nc6 9. Rb1 Qc7 10. d4 Bd7 11. Bd3 Rd8 12. Qc2 {Svidler,P (2740)-Nepomniachtchi,I (2702) Nizhny Novgorod 2013 1-0 (66) CBM 157 [Gormally,D]} (12. Ng5 $1 {Gormally,D})) 7... Bg7 8. Bd3 O-O 9. O-O Nd7 10. Ba3 b6 11. Qe2 Bb7 12. Rad1 Qc7 13. e4 e5 14. d5 a6 15. Bb2 b5 16. a4 c4 17. Bc2 Rfe8 $14 {Rodshtein,M (2615)-Gupta,A (2470) Yerevan 2007 1/2 (80)}) 7. d4 g6 8. Bb5+ ({Of course, he couldn't play 8.d3:} 8. Bd3 $6 cxd4 9. cxd4 $4 (9. Bb5+) 9... Qc3+ $19) 8... Bd7 9. a4 ({Another option is} 9. Rb1 $5 Bg7 10. O-O O-O) 9... Bg7 10. O-O O-O 11. Ba3 $146 {It seems that White has a better position due to the strong pressure on the queenside but after the strong reply...} ({RR} 11. Qe2 Nc6 12. Ba3 b6 13. Rfd1 Bc8 14. dxc5 Na5 15. cxb6 axb6 16. Nd4 Rd8 17. Bb4 Bb7 18. Rab1 Be4 19. Rbc1 e5 20. Nf3 h6 21. Rxd8+ Rxd8 22. Rd1 Nb3 23. h3 Bf6 24. Rxd8+ Qxd8 25. Bc4 Na5 {Delchev,A (2568)-Bronstein,O (2404) Anogia 2019 1-0 (43)}) 11... b6 $1 {...he wasn't able to prove White's superiority.} 12. dxc5 (12. Qe2 Nc6 13. Rad1 (13. h3 Rfd8 14. Rfd1 Na5 15. dxc5 bxc5 16. Bxd7 Rxd7 17. Rxd7 Qxd7 18. Bxc5 Bxc3) 13... a6 $1 14. Bxa6 Nb8 15. Bb5 Bxb5 16. Qxb5 Qc6 $11) (12. h3 Nc6 13. dxc5 (13. Qe2 {leads to the same position as after 12.e2 c6 13.h3})) 12... bxc5 13. Qd5 Bxb5 {A normal move. However, Giri could have played 13...a6!? with a very complicated position:} (13... a6 $5 14. Qxa8 (14. Be2 Rc8 15. Qxa8 $2 Bc6 16. Qxc6 Nxc6 $17) 14... axb5 15. Qd5 (15. axb5 Bxb5 16. Rfd1 Bc6) 15... Bxc3 $44 {It seems to me that White should give the exchange back and play an equal position} 16. Rac1 (16. axb5 Bxa1 17. Rxa1 Bxb5 18. Qxc5 Qxc5 19. Bxc5 Nc6 $11) 16... b4 17. Rxc3 bxc3 18. Qc4 Qa5 19. Rc1 Na6 $11) 14. axb5 (14. Qxa8 $4 Bc6 $19) 14... Nd7 15. Rfd1 ({Black is OK after} 15. Rad1 Rfd8 16. c4 a6 $1 {the point} 17. Qc6 Rac8 18. Qxc7 Rxc7 19. b6 (19. bxa6 Ra8 $11) 19... Rb7 20. Bxc5 Rc8 21. Bxe7 Nxb6 22. c5 Na4 23. Bd6 Nxc5 24. Rc1 Bf8 $11) 15... Rfd8 16. Ng5 e6 $8 17. Qc6 Qxc6 ({He could have played} 17... Rac8 18. Qxc7 Rxc7 19. Rac1 {intending to play c4} Rb8 $1 20. c4 a6 21. bxa6 Ra8 $11) 18. bxc6 Ne5 19. c7 Rdc8 20. f4 h6 $1 (20... Nc4 $2 21. Rd7 Nb6 22. Rad1 $1 Nxd7 23. Rxd7 $16 {Despite the extra exchange, Black's position is close to hopeless.}) 21. Ne4 Nc4 22. Rd7 {Anyway Magnus insists on the exchange sacrifice.} (22. Bxc5 Rxc7 23. Bd4 a5 {might be dangerous only for White}) 22... Nb6 23. Rad1 Nxd7 24. Rxd7 Bf8 25. c4 ({The last chance to continue the game was the move} 25. Bxc5 $1 {In this case Black had to find a rook sacrifice that leads to a draw.} Bxc5 $1 (25... a5 $6 {leads to a difficult rook endgame.} 26. Bd4 a4 (26... Ba3 $6 27. c4 a4 28. c5 Bb4 29. Nd6 Rf8 30. Nc4 a3 31. Nb6 $18) 27. Nf6+ Kh8 28. Nd5+ Bg7 29. Nb6 a3 30. Nxa8 a2 31. Bxg7+ Kxg7 32. Rd1 Rxa8 33. Ra1 Rc8 34. Rxa2 Rxc7 35. Rc2 $16) 26. Nxc5 Kf8 (26... a5 $2 27. Na4 Kf8 28. Nb6 Ke8 29. Rd2 $16) 27. Na6 Ke8 28. Rd2 Ke7 {White should hurry up otherwise Black's rooks can be dangerous} 29. Rb2 (29. Kf2 Re8 30. Rb2 Rac8 31. Rb7 $6 (31. Rd2 $11) 31... Kd6 32. Rxa7 $2 (32. c4 e5 33. c5+ Kc6 34. Rb8 exf4 35. exf4 Kd7 $15) 32... Ra8 $17) 29... Kd6 30. Rb8 Raxb8 $1 {Black can't wait.} (30... Re8 $2 31. Kf2 f6 32. c4 $16 {Black hasn't any counterplay and White gradually improves his position.}) 31. cxb8=Q+ Rxb8 32. Nxb8 {White has an extra knight but he can't win the game.} a5 33. Kf2 Kc7 $1 (33... a4 $4 34. Na6) 34. Na6+ Kb6 $11 35. Nb4 (35. Nb8 Kc7 $11 (35... a4 36. Nd7+ Kb5 37. c4+ Kxc4 38. Nb6+ Kb5 39. Nxa4 Kxa4 40. Kf3 Kb4 41. Ke4 f6 $11)) 35... axb4 36. cxb4 Kb5 $11) 25... a5 26. Nc3 {The position is drawish.} (26. Bb2 Bg7 27. Bxg7 Kxg7 28. Nd6 a4 29. Nxc8 Rxc8 30. Kf2 a3 31. Rd3 Rxc7 32. Rxa3 $11) 26... a4 27. Nb5 (27. Kf2 Re8 $1 28. Nb5 Rac8 $11) 27... Re8 $1 28. e4 Rac8 29. Na7 (29. Kf2 $6 Re7 {and Black can think about the full point.}) 29... Ra8 30. Nb5 Rac8 31. Na7 Ra8 32. Nb5 1/2-1/2